| 000 | 00591nam a2200205 a 4500 | ||
|---|---|---|---|
| 005 | 20230708063605.0 | ||
| 008 | 991125s1997 bue 000 0 spa u | ||
| 020 | _a9507010602 | ||
| 035 | _aUPN01000041305 | ||
| 049 | _aCG | ||
| 050 | 4 |
_aLB1573 _bN568 1997 |
|
| 245 | 0 | 4 |
_aLos niños construyen su lectoescritura / _cComp. Yetta Ma. Goodman ; tr. Isabel Stratta. |
| 250 | _a4a ed. | ||
| 260 |
_aBuenos Aires : _bAique, _c1997. |
||
| 300 | _a144 p. | ||
| 440 | 0 | _aDidáctica | |
| 650 | 4 |
_aAprendizaje de la lectoescritura _91535 |
|
| 700 | 1 |
_aGoodman, Yetta M., _ecomp. |
|
| 905 | _aLibro | ||
| 999 |
_c41305 _d41305 |
||